74 Babynamen der Woche 40/25' - Statistiken

Allgemein
  • Dieses Quiz wurde 3 mal gespielt
  • Das Durchschnittsergebnis liegt bei 33 aus 74
Antwortstatistiken
📍 Vorname % Korrekt
M.r.e ♀️ Marie
100%
N..h ♂️ Noah
100%
S.p..e ♀️ Sophie
100%
Al.s.a ♀️ Alessa
50%
Al..a.d.r ♂️ Alexander
50%
Al..e ♀️ Alice
50%
A.d..a ♀️ Andrea
50%
A.d.e.s ♂️ Andreas
50%
A.g..a ♀️ Angela
50%
A.t.n.a ♀️ Antonia
50%
A..a ♀️ Aura
50%
A.r.l.a ♀️ Aurelia
50%
B.a..a ♀️ Bianca
50%
C.r.l..a ♀️ Carolina
50%
C..a.a ♀️ Chiara
50%
C.a.a ♀️ Clara
50%
C.a.d.a ♀️ Claudia
50%
C.a.g ♂️ Craig
50%
D.n..l ♂️ Daniel
50%
D.r.a ♀️ Daria
50%
El.o.o.a ♀️ Eleonora
50%
El..s ♂️ Elias
50%
E.a ♀️ Eva
50%
F..r..n ♂️ Florian
50%
F.y.n ♂️ Flynn
50%
F.a.z.s.a ♀️ Franziska
50%
G.e.a ♀️ Greta
50%
In.s ♀️ Ines
50%
J.k.b ♂️ Jakob
50%
J.m.l ♂️ Jamal
50%
J.l.n ♀️ Jolin
50%
J.s.f ♂️ Josef
50%
K.t.a ♀️ Katja
50%
K.v.n ♂️ Kevin
50%
K.a.s ♂️ Klaus
50%
L.a.d.r ♂️ Leander
50%
L..n ♂️ Lenn
50%
L.o ♂️ Leo
50%
L..n ♂️ Leon
50%
L..o ♀️ Lilo
50%
L..a ♀️ Lina
50%
L..n ♂️ Lion
50%
L.r.d..a ♀️ Loredana
50%
L.t.i ♀️ Lotti
50%
L..n ♂️ Luan
50%
L..a ♀️ Luna
50%
M.r..n ♂️ Marian
50%
M..k.s ♂️ Markus
50%
M..l..e ♀️ Marlene
50%
M.t..o ♂️ Matteo
50%
M.u.o ♂️ Mauro
50%
M.y.a ♀️ Mayla
50%
M.e.a ♀️ Meena
50%
M..a ♂️ Mika
50%
M..i ♀️ Mini
50%
N.l.y ♀️ Nelly
50%
P..l.a ♀️ Philia
50%
P..l..p ♂️ Philipp
50%
R..n.r ♂️ Rainer
50%
T.s.a ♀️ Tessa
50%
U.e ♂️ Uwe
50%
V.n.s.a ♀️ Vanessa
50%
V.r..a ♀️ Verona
50%
Am..a ♀️ Amaya
0%
A..a ♀️ Anea
0%
B..e ♂️ Blue
0%
B.i.a ♀️ Brita
0%
L..s ♂️ Lias
0%
M.r..a ♀️ Maresa
0%
N.f.s ♀️ Nefes
0%
P..a ♀️ Pola
0%
T..r.n ♂️ Thorin
0%
T.k.a.i ♀️ Tikaani
0%
U..e ♂️ Ubbe
0%
Keine übereinstimmenden Quizze gefunden
Verteilung der Resultate
Anzahl Personen mit jedem Resultat
Perzentil nach korrekt beantworteten Fragen
Ihre Resultats-Entwicklung
Sie haben dieses Quiz noch nicht gespielt